Administración por calidad total

Bibliographic Details
Main Authors: Oakland, John S., Poter, Leslie J
Format: Section = Libro
Language:Undetermined
Spanish
Published: México CECSA 1999
Subjects:
LEADER 00614nam a2200229Ia 4500
008 240829s9999 xx 000 0 und d
020 |a 968-26-1098-2 
040 |a BIBLIOTECA-RUSB/ 658.562 O11 
041 |a spa 
082 |a 658.562 O11 
100 1 |a Oakland, John S.  
100 1 |b  Poter, Leslie J 
245 1 0 |a Administración por calidad total 
260 |a México  |b CECSA  |c 1999 
300 |a 389 p. :il. 
650 7 |a ADMINISTRACION - CLAIDAD TOTAL 
650 7 |b  CALIDAD Y COMPETITIVIDAD 
650 7 |c  LIDERAZGO 
650 7 |d  ESTUDIOS DE CASOS - CLAIDAD 
942 |c BK  |2 ddc 
991 |a TEXTO 
999 |c 4225